Znany polski Jerzy - Statystyki

Ogólne statystyki
  • Ten quiz został rozwiązany 72 razy
  • Średni wynik to 12 z 16
Statystyki odpowiedzi
Obrazkowy Hint Odpowiedź % Poprawnych
organizator WOŚP Jerzy Owsiak
98%
wygrał Ligę Mistrzów z Liverpoolem Jerzy Dudek
95%
ksiądz, w 1984 roku zamordowany przez SB Jerzy Popiełuszko
92%
srebrny medalista igrzysk w Barcelonie, w latach 2018-2021 trener reprezentacji Jerzy Brzęczek
90%
zagrał Maksa w "Seksmisji" Juliusza Machulskiego Jerzy Stuhr
87%
założyciel tygodnika "NIE" Jerzy Urban
87%
w latach 1997-2001 premier, w późniejszych latach europoseł Jerzy Buzek
80%
trener reprezentacji piłkarskiej w latach 2000-2002 Jerzy Engel
75%
zdobył 14 ośmiotysięczników, zginął na Lhotse Jerzy Kukuczka
70%
nakręcił "Pana Wołodyjowskiego", "Potop" i "Ogniem i mieczem" Jerzy Hoffman
64%
w 2013 roku grał w półfinale Wimbledonu Jerzy Janowicz
64%
dwukrotny mistrz olimpijski w boksie Jerzy Kulej
62%
w serialu "Alternatywy 4" wcielił się w rolę Zdzisława Kołka Jerzy Kryszak
56%
wylansował przeboje "Bo z dziewczynami", "Cała sala śpiewa z nami" Jerzy Połomski
52%
reżyserował "Faraona" i "Quo vadis" Jerzy Kawalerowicz
46%
zagrał główną rolę w filmie "Faraon" z 1965 roku Jerzy Zelnik
46%
Nie znaleziono quizów pasujących do podanych kryteriów
Rozkład punktacji
Procent ludzi z każdym wynikiem
Percentyl według liczby udzielonych odpowiedzi
Twoja historia wyników
Nie rozwiązałeś tego quizu